GETS Theological Seminary Library

身心健康的秘訣: (Record no. 32548)

MARC details
000 -LEADER
fixed length control field 00761nam a2200229Ia 4500
008 - FIXED-LENGTH DATA ELEMENTS--GENERAL INFORMATION
fixed length control field 201221s9999||||xx |||||||||||||| ||und||
041 ## - LANGUAGE CODE
Language code of text/sound track or separate title chi
Language code of original eng
050 ## - LIBRARY OF CONGRESS CALL NUMBER
Classification number BT732
Item number .A36 1987
100 ## - MAIN ENTRY--PERSONAL NAME
Personal name Adolph, Harold Paul
245 #0 - TITLE STATEMENT
Title 身心健康的秘訣:
Remainder of title  = Stop making yourself sick /
Statement of responsibility, etc. 哈若.亞道夫 (Harold Paul Adolph), 彭戴為 (Dave Bourne) 著; 程長泰譯
246 ## - VARYING FORM OF TITLE
Title proper/short title 身心健康的秘诀:
260 ## - PUBLICATION, DISTRIBUTION, ETC.
Place of publication, distribution, etc. 台北:
Name of publisher, distributor, etc. 大光書房印行,
Date of publication, distribution, etc. 1987
300 ## - PHYSICAL DESCRIPTION
Extent 173 p.
Other physical details ;
Dimensions 21 cm
500 ## - GENERAL NOTE
General note Translation of: Stop making yourself sick.
650 ## - SUBJECT ADDED ENTRY--TOPICAL TERM
Topical term or geographic name entry element Christian life. 
650 ## - SUBJECT ADDED ENTRY--TOPICAL TERM
Topical term or geographic name entry element Medicine, Psychosomatic. 
650 ## - SUBJECT ADDED ENTRY--TOPICAL TERM
Topical term or geographic name entry element Spiritual Healing.
700 ## - ADDED ENTRY--PERSONAL NAME
Personal name Bourne, Dave
700 ## - ADDED ENTRY--PERSONAL NAME
Personal name 哈若.亞道夫
700 ## - ADDED ENTRY--PERSONAL NAME
Personal name 程長泰
Holdings
Withdrawn status Lost status Damaged status Not for loan Home library Current library Shelving location Date acquired Total Checkouts Full call number Barcode Date last seen Copy number Price effective from Koha item type
        GETS Theological Seminary Library GETS Theological Seminary Library General Stacks 12/21/2020   BT732 .A36 1987 00020302 12/21/2020 c. 2 12/21/2020 Chinese Book
OpacCredits

Contact the Librarian, GETS Library
Email: library@mygets.org









Implemented by GETS Library
(Powered by ETCA Professional Group)
GETS Theological Seminary
412 E. Rowland Street, CA 91723